banner-ar

الفاظ اللهجة الكويتية فى كتاب لسان العرب لابن منظور / (Record no. 52200)

MARC details
000 -الفاتح
حقل البيانات ثابتة الطول 00988nam a2200193Ia 4500
008 - عناصر البيانات ثابتة الطول - معلومات عامة
حقل البيانات ثابتة الطول 140319s9999 xx 000 0 ara d
040 ## - مصدر الفهرسة
وكالة الفهرسة الأصلية GCL /
وكالة النسخ GCL
082 04 - رقم تصنيف ديوى العشرى
رقم التصنيف 417.9538
رقم المادة ى ا
100 1# - المدخل الرئيسى - إسم شخصى
الإسم الشخصى ابن منظور : جمال الدين ابو الفضل محمد بن مكرم بن على بن احمد بن ابى القاسم بن حبقة الانصارى المصرى \\=aيعقوب يوسف الغنيمv
245 10 - بيان العنوان
العنوان الفاظ اللهجة الكويتية فى كتاب لسان العرب لابن منظور /
بيان المسئوليه,etc ابن منظور : جمال الدين ابو الفضل محمد بن مكرم بن على بن احمد بن ابى القاسم بن حبقة الانصارى المصرى
300 ## - الوصف المادى
التعداد 328 ص
490 ## - بيان السلسلة
عنوان السلسلة الهيئة العامة للاستعلامات
رقم المجلد/ التعيين التسلسلي 0
650 04 - المدخل الاضافى بالموضوع-مصطلح موضوعى
مصطلح موضوعي الكويت
650 04 - المدخل الاضافى بالموضوع-مصطلح موضوعى
مصطلح موضوعي اللهجات
650 04 - المدخل الاضافى بالموضوع-مصطلح موضوعى
مصطلح موضوعي اللغة العربية - اللهجات
650 04 - المدخل الاضافى بالموضوع-مصطلح موضوعى
مصطلح موضوعي اللهجات الكويتية
942 ## - عناصر المدخل الإضافي( كوها)
مصدر التصنيف او مخطط الترفيف Dewey Decimal Classification
Koha [default] item type كتاب
Holdings
حالة التراجع حالة الفقد حالة تلف ليس للاعارة المكان المؤقت الموقع الحالى تاريخ الاكتساب اجمالي اﻻعارات رقم الطلب الباركود تاريخ اخر مشاهدة تاريخ تفعيل السعر نوع وعاء كوها
        مكتبة القاهرة الكبرى مكتبة القاهرة الكبرى 03/26/2014   417.9538\ى ا 124953 03/26/2014 03/26/2014 كتاب

Powered By

EGPV